000 00792cam a2200277 a 4500
001 2095066
003 OSt
005 20170217183922.0
008 950504s1995 enka 001 0 eng
010 _a 95149189
020 _a0521484863
040 _aDLC
_cDLC
_dDLC
050 0 0 _aQC24.5
_b.R5 1995
082 0 0 _a530
_220
_bRID 1994
100 1 _aRidley, B. K.
_91113
245 1 0 _aTime, Space, and Things
250 _a3rd ed.
260 _bCambridge University Press,
_c1995.
300 _ax, 191 p. :
_bill. ;
_c22 cm.
504 _aIncludes index.
650 0 _aPhysics
_91114
650 0 _aTimes
_911614
856 4 2 _3Publisher description
_uhttp://www.loc.gov/catdir/description/cam027/95149189.html
906 _a7
_bcbc
_corignew
_d3
_encip
_f19
_gy-gencatlg
942 _2ddc
_cSLOAN
999 _c422
_d422